000 00527nam a2200181 a 4500
001 4293977
005 20231211041803.0
008 850816s1985 ii b 000 0 eng
040 _aDLC
_cDLC
_dDLC
082 0 0 _a305.4.
_219
_bAnt.
100 _aPrakashan Rashtriya Antar.
245 0 0 _aReaching for half the sky :
_ba reader in women's movement.
_cMagan Desai for Antar Rashtriya prakashan.
250 _a1st.
260 _aBaroda :
_bAntar Rashtriya Prakashan,
_c1985.
300 _a130 p. ;
650 0 _aFeminism
942 _cL
999 _c172
_d172